• 首页
  • 本馆介绍
  • 公告通知
  • 最新文献
  • 馆藏检索
  • 电子资源
  • 读者导购
  • 参考咨询
  • 我的图书馆
  • 登录
  • 详细信息显示
  • 放入我的书架
  • 预约/预借图书
  • 作者相关作品
  • 分类相关作品
  • 丛书相关作品
  • 出版社相关作品

书目信息

  • 表格格式
  • 工作单格式
  • 卡片格式
题名:
电影修辞学
    
 
作者: 李显杰 著
分册:  
出版信息: 北京   文化艺术出版社  2005
页数: 266页
开本: 23cm
丛书名: 电影丛书
单 册:
中图分类: J90-05
科图分类:
主题词: 电影语言--修辞学
电子资源:
ISBN: 7-5039-2644-9
000 01093nam0 2200325 450
000 01056nam0 2200313 450
000 01054nam0 2200325 450
000 01000nam0 2200301 450
000 00974nam0 2200289 450
000 00937nam0 2200277 45
001 TS-163381
005 20070112093744.84
010    @a7-5039-2644-9@dCNY28.00
100    @a20060829d2005 em y0chiy0110 ea
101 0  @achi
102    @aCN@b110000
105    @aa z 000yy
200 1  @a电影修辞学@Adian ying xiu ci xue@e镜像与话语@EJing Xiang Yu Hua Yu@f李显杰著@FLi Xian Jie Zhu
210    @a北京@c文化艺术出版社@d2005
215    @a266页@c图,照片@d23cm
225 2  @a电影丛书
330    @a本书梳理和归纳出电影修辞格的基本形态和主要功能,分析和阐释了电影修辞规律的中心内容和基础理论。
410  0 @12001 @a电影丛书
606 0  @a电影语言@x修辞学
690    @aJ90-05@v4
701  0 @a李显杰@Ali xian jie@c(文艺学)@4著
801  0 @aCN@b中图数据@c20070112
905    @a10447@dJ90-05@e184
    
    电影修辞学:镜像与话语/李显杰著.-北京:文化艺术出版社,2005
    266页:图,照片;23cm.-(电影丛书)
    
    
    ISBN 7-5039-2644-9:CNY28.00
    本书梳理和归纳出电影修辞格的基本形态和主要功能,分析和阐释了电影修辞规律的中心内容和基础理论。
●
相关链接 在E读中查询图书 在五车中查询图书 在当当中查询图书 在豆瓣中查询图书


正题名:电影修辞学     索取号:J90-05/184         预约/预借

序号 登录号 条形码 馆藏地/架位号 状态 备注
1 0612702   206127029   第一样本阅览室/ [索取号:J90-05/184] 在馆    
唐山师范学院图书馆 欢迎您!
大连网信软件有限公司© 版权所有